[Event "Valby K41 Spring-D"]
[Site "Valby"]
[Date "2007.03.27"]
[Round "2"]
[White "Jorgensen, Rasmus"]
[Black "Hansen, Teddy"]
[Result "0-1"]
[WhiteElo "1300"]
[BlackElo "1359"]
[PlyCount "66"]
[EventDate "2007.03.13"]
[EventType "swiss"]
[EventRounds "7"]
[EventCountry "DEN"]
[SourceTitle "EXT 2023"]
[Source "ChessBase"]
[SourceDate "2022.10.05"]
[SourceVersion "1"]
[SourceVersionDate "2022.10.05"]
[SourceQuality "1"]

1. e4 Nf6 2. e5 Nd5 3. d4 d6 4. Nf3 g6 5. c4 Nb6 6. Be2 Bg7 7. Bf4 0-0 8. h4 Bg4 9. h5 Bxh5 10. Ng5 Bxe2 11. Qxe2 dxe5 12. dxe5 Qd4 13. g3 Qxc4 14. Qg4 h5 15. Rxh5 gxh5 16. Qf5 Rd8 17. e6 Rd1+ 18. Kxd1 Qd5+ 19. Qxd5 Nxd5 20. exf7+ Kf8 21. Ne6+ Kxf7 22. Nxg7 Kxg7 23. Be5+ Kf7 24. Nc3 Nc6 25. Nxd5 Nxe5 26. Nxc7 Rd8+ 27. Ke2 Rc8 28. Rc1 Nc6 29. Nb5 Nd4+ 30. Nxd4 Rxc1 31. f4 Rb1 32. b3 Rb2+ 33. Kf3 Rxa2 0-1